000 00505nam a2200193 a 4500
001 1770813380151
003 YourLibrary
005 20260211180753.0
008 260211s1998##################000#0#eng##
020 _a9780691016795
082 0 4 _a306.709
_bLAR
100 1 _aLarmour, David H.J.,
_eauthor.
245 1 0 _aRethinking Sexuality :
260 _bPrinceton University Press,
_c1998.
300 _a276 pages
650 0 _aHistory.
942 _cENGLISH
040 _aYourLibrary
_beng
_cYourLibrary
999 _c611892
_d611892